000 00211nam a2200097Ia 4500
005 20251222114412.0
008 251222s1900||||xx |||||||||||||| ||spa||
082 _aDVD0010/P26/2001
245 0 _aShaft:
942 _cDVD
999 _c2057
_d2057